|
|
|
|
| LEADER |
00697cam a2200193 7i4500 |
| 001 |
0000005461 |
| 005 |
20171110090000.0 |
| 020 |
|
|
|a 0849309360 (hbk.)
|
| 020 |
|
|
|a 9780849309366 (hbk.)
|
| 090 |
0 |
0 |
|a TA347.B69
|b R33 2000
|
| 100 |
1 |
|
|a Raamachandran, J
|
| 245 |
1 |
0 |
|a Boundary and finite elements :
|b theory and problems
|c J. Raamachandran.
|
| 260 |
|
|
|a Boca Raton:
|b CRC Press,
|c 2000.
|
| 300 |
|
|
|a viii, 362 p.:
|b ill.;
|c 25 cm.
|
| 504 |
|
|
|a Includes bibliographical references and index
|
| 650 |
0 |
0 |
|a Boundary value problems
|
| 650 |
0 |
0 |
|a Finite element method
|
| 997 |
|
|
|a Engineering & Life Sciences, Faculty
|b Engineering, Department
|
| 999 |
|
|
|a 0000002670
|b BOK
|c OPEN SHELF
|e 2nd Floor, Bestari Jaya
|